000 00381nam a2200181Ia 4500
001 8342
005 20260306160602.0
008 260306t2025||||xx |||||||||||||| ||spa||
041 _aESP
082 _a371.33
_bB75
100 _aBosco, Jorge
_eAUT
245 0 _aComunicación
260 _c2025
300 _a
_c
650 _aGEN
654 _aCED
942 _cLIB
_dJUS
_fJUS
_2ddc
_n
999 _c8342
_d8342